La evaluación de las tareas
Gespeichert in:
| Körperschaft: | |
|---|---|
| Format: | Buch |
| Sprache: | Spanisch |
| Veröffentlicht: |
Ginebra
OIT
1969
|
| Ausgabe: | 5a. ed |
| Schlagworte: | |
| Tags: |
Tag hinzufügen
Keine Tags, Fügen Sie den ersten Tag hinzu!
|
MARC
| LEADER | 00000nam a2200000 a 4500 | ||
|---|---|---|---|
| 001 | UCU6512 | ||
| 003 | CL-VaPUC | ||
| 008 | 960621e19690400SZ |||||||||||||||||spa|d | ||
| 082 | 0 | 4 | |a 658.312 |b OFI |2 21 |
| 110 | 2 | |a Oficina Internacional del Trabajo |e author |9 364738 | |
| 245 | 1 | 3 | |a La evaluación de las tareas |
| 250 | |a 5a. ed | ||
| 300 | |a 171 p | ||
| 942 | |c BK | ||
| 945 | |d 19960621 00:00:00 |a cmena | ||
| 260 | |a Ginebra |b OIT |c 1969 | ||
| 650 | 0 | |a Trabajo |9 313876 | |
| 650 | 7 | |a POLITICA LABORAL |2 CL-VaPUC |9 319338 | |
| 650 | 7 | |a DIVISION DEL TRABAJO |2 CL-VaPUC |9 312760 | |
| 650 | 7 | |a EVALUACION DEL PERSONAL |2 CL-VaPUC |9 364739 | |
| 650 | 0 | |a Administración del personal |9 260442 | |
| 650 | 7 | |a EVALUACION DEL TRABAJO |2 CL-VaPUC |9 318029 | |
| 583 | |a last modification |c 19960621 00:00:00 |k Rodrigo Vera | ||
| 999 | |c 249397 |d 249395 | ||
| 952 | |0 0 |1 0 |4 0 |6 658_312000000000000_OFI_1969 |7 0 |8 A |9 266638 |a BIBING |b BIBING |d 2019-11-19 |i 1693255 |o 658.312 OFI 1969 |p 1693255 |r 2025-01-20 |w 2019-11-19 |y BK |k CCL | ||
| 952 | |0 0 |1 0 |4 0 |6 658_312000000000000_OFI_1969 |7 0 |8 A |9 266639 |a BIBGIM |b BIBGIM |d 2019-11-19 |i 1412523 |o 658.312 OFI 1969 |p 1412523 |r 2025-01-15 |w 2019-11-19 |y BK |k COM | ||